| 000 | 01223nam2a22002651 4500 | ||
|---|---|---|---|
| 001 | v19\rc\1822901 | ||
| 005 | 20250619133756.0 | ||
| 035 | _a(NLR Aleph) 004920426 | ||
| 090 |
_a5572202 _c5572202 |
||
| 100 | _a20071224d1910 |||y0rusy50 ca | ||
| 101 | 0 | _arus | |
| 102 | _aRU | ||
| 105 | _ay z ||||| | ||
| 200 | 0 |
_aза 1908 год _e(16-й отчетный год) |
|
| 210 |
_d1910 _aБ. м. |
||
| 215 | _a11 с. | ||
| 461 | 0 |
_1001v19\rc\1822896 _12001#$aКраткий финансовый отчет Пенсионной кассы служащих в Обществе Рязанско-Уральской железной дороги...$vза 1908 год _95572154 _aРязано-Уральская ж. д. (до 1917 г.). Пенсионная касса служащих _cСаратов _d1907-1916 _tКраткий финансовый отчет Пенсионной кассы служащих в Обществе Рязанско-Уральской железной дороги... _vза 1908 год |
|
| 801 | 0 |
_aRU _bNLR _gpsbo |
|
| 801 | 0 |
_aRU _bRuMoRGB _2psbo |
|
| 801 | 1 |
_aRU _bProSoft-M _2rusmarc |
|
| 852 |
_aNLR _j19.49.2.102 |
||
| 899 |
_aRuMoRGB _jM 29/84а |
||
| 899 | _aБАН | ||
| 942 | _cBOOK | ||
| 980 | _aNB | ||